书目信息 |
| 题名: |
简明英语综合语法手册
|
|
| 作者: | 朱天然 主编 | |
| 分册: | ||
| 出版信息: | 成都 成都科技大学出版社 1998.06 |
|
| 页数: | 367页 | |
| 开本: | 32开 | |
| 丛书名: | ||
| 单 册: | ||
| 中图分类: | H314-62 | |
| 科图分类: | ||
| 主题词: | 英语 | |
| 电子资源: | ||
| ISBN: | 7-5616-3449-8 | |
| 000 | 00572nam0 2200193 45 | |
| 001 | 1009062314 | |
| 005 | 20100906230834.1 | |
| 010 | @a7-5616-3449-8@d15.00元 | |
| 100 | @a20100906d1998 km y0chiy0120 ea | |
| 101 | 0 | @achi |
| 105 | @a z 000yy | |
| 200 | 1 | @a简明英语综合语法手册@AJian Ming Ying Yu Zong He Yu Fa Shou Ce@f朱天然主编@FZhu Tian Ran Zhu Bian |
| 210 | @a成都@c成都科技大学出版社@d1998.06 | |
| 215 | @a367页@d32开 | |
| 606 | 0 | @a英语 |
| 690 | @aH314-62@v3 | |
| 701 | 0 | @a朱天然@4主编 |
| 801 | @aCN@bPftUser@c20100906 | |
| 905 | @b130360-364@dH314-62@eZH718@f5 | |
| 简明英语综合语法手册/朱天然主编.-成都:成都科技大学出版社,1998.06 |
| 367页;32开 |
| ISBN 7-5616-3449-8:15.00元 |
| ● |
| 相关链接 |
|
|
|
正题名:简明英语综合语法手册
索取号:H314-62/ZH718
 
预约/预借
| 序号 | 登录号 | 条形码 | 馆藏地/架位号 | 状态 | 备注 |
| 1 | 130360 | 201303605 | 自科二线504/504自科库 46排2列3层/ [索取号:H314-62/ZH718] | 在馆 | |
| 2 | 130361 | 201303614 | 语言库209/209语言库 35排7列6层/ [索取号:H314-62/ZH718] | 在馆 | |
| 3 | 130362 | 201303623 | 语言库209/ [索取号:H314-62/ZH718] | 在馆 | |
| 4 | 130363 | 201303632 | 语言库209/209语言库 35排7列6层/ [索取号:H314-62/ZH718] | 在馆 | |
| 5 | 130364 | 201303641 | 自科二线504/504自科库 46排2列3层/ [索取号:H314-62/ZH718] | 在馆 |